000 00635nam a22002177a 4500
003 UA-OsUOA
001 136769
007 ta
008 20190408b un ||||| |||| 00| 0 ukr d
100 _aГрицай Л.
090 _a82
_bГ85
942 _cSA
040 _aUA-OsUOA
_bukr
_cUA-OsUOA
_dUA-OsUOA
245 _aСтилістична функція емоційно-експресивної лексики в мовленні Ліни Костенко
300 _aС. 36-39
955 _a0
041 _aukr
080 _a82
773 0 _w136766
650 7 _a82 Література. Літературознавство
_2UDC
999 _c410114
_d410114